|
|
|
|
| LEADER |
00000nam a2200000Ia 4500 |
| 008 |
150727b2008 us ||||| |||| 00| | en d |
| 999 |
|
|
|c 108
|d 108
|
| 020 |
|
|
|a 9780240810102
|
| 090 |
|
|
|a 08.15.02
|b 1530 CD #145
|
| 100 |
1 |
|
|a Meyer, Trish
|9 525
|
| 245 |
1 |
0 |
|a Creating motion graphics with after effects /
|c Trish Meyer, Chris Meyer
|
| 250 |
|
|
|a 4th edición
|
| 260 |
|
|
|a Estados Unidos :
|b Library of Congress Cataloging in Publication Data,
|c 2008
|
| 300 |
|
|
|a 690 páginas
|
| 500 |
|
|
|a Incluye el CD #145
|
| 650 |
|
0 |
|9 1302
|a PROGRAMAS DE COMPUTADORA
|
| 700 |
|
|
|a Meyer, Chris
|9 526
|
| 942 |
|
|
|i 003658 ,003659
|h 08.15.02 1530 CD #145
|2 z
|c 01
|